Estiu a la natura
Publicado:
[Barcelona] :
Diputació de Barcelona, Servei de Joventut, Servei de Parcs Naturals, DL 1985
Descripción Física:
[9] p. : il. col. ; 23 cm
MARC
| LEADER | 00000nam a2200000Ia 4500 | ||
|---|---|---|---|
| 001 | 14890 | ||
| 008 | 160829s9999 xx 000 0 cat d | ||
| 080 | |a FU-31-67 | ||
| 245 | |a Estiu a la natura | ||
| 260 | |a [Barcelona] : |b Diputació de Barcelona, Servei de Joventut, Servei de Parcs Naturals, DL 1985 | ||
| 300 | |a [9] p. : |b il. col. ; |c 23 cm | ||
| 650 | |a Colònies de vacances |x Barcelona (Província) |9 31474 | ||
| 650 | |a Joves |x Esbarjo |9 21997 | ||
| 710 | |a Barcelona (Catalunya : Província). |b Servei de Parcs Naturals |9 53492 | ||
| 710 | 1 | |a Barcelona (Catalunya : Província). |b Servei de Joventut |9 54681 | |
| 901 | |a Arxiu | ||
| 942 | |n 1 | ||
| 952 | |0 0 |1 0 |4 0 |6 FU3167 |7 1 |9 45617 |a Arxiu |b Arxiu |d 2016-12-01 |l 0 |o FU-31-67 |p 14890 |r 2016-12-01 00:00:00 |w 2016-12-01 |y ARXIU | ||
| 999 | |c 49116 |d 49116 | ||